000 00424 a2200157 4500
001 63892
020 _a9788535911305 (broch.)
040 _cAnchieta - Pituba
100 _aHobsbawm, Eric J.
240 1 0 _aGlobalização, democracia e terrorismo
_lpor
245 1 0 _aGlobalização, democracia e terrorismo
300 _a182p.
362 0 _a2015
650 4 _aPolítica internacional e tópicos específicos
942 _cBK
999 _c63892
_d63892